Music Quiz

Random Music or Kpop Quiz

Full Names of SNSD Members Quiz Stats

 Plays Quiz not verified by Sporcle

Challenge
Share
Tweet
Embed
Score 0/9 Timer 05:00
0 Plays Today
Member Full Name % Correct
TaeyeonKim Tae-Yeon
92.8%
YuriKwon Yu-Ri
84.5%
HyoyeonKim Hyo-Yun
82.4%
SooyoungChoi Soo-Yeong
79.2%
SeohyunSeo Ju-Hyun
63.7%
TiffanyHwang Mi-Young
63%
YoonALim Yoon-A
55.1%
JessicaJung Soo-Yeon
54%
SunnyLee Soon-Gyu
28.1%

You're not logged in!

Compare scores with friends on all Sporcle quizzes.
OR
Log In

You Might Also Like...

Show Comments

Extras

Top Quizzes Today


Score Distribution

Your Account Isn't Verified!

In order to create a playlist on Sporcle, you need to verify the email address you used during registration. Go to your Sporcle Settings to finish the process.

Report this User

Report this user for behavior that violates our Community Guidelines.

Details: